000 00209 a2200097 4500
001 48461
100 _aEgginton, J
245 _aExcursion to Russia
260 _aLondon
_bHutchinson
_c
090 _c31397
_d31397
942 _aNUST-CAE
_cM
_c23777
999 _c283534
_d283534